Sports Quiz

Random Sports or NBA Quiz

NBA All-Time Scorers - 1960 Quiz Stats

 Plays Quiz not verified by Sporcle

Challenge
Share
Tweet
Embed
Score 0/20 Timer 05:00
0 Plays Today
Rank & Points Player % Correct
2. 13,399Bob Cousy
96.9%
8. 10,156George Mikan
94.5%
6. 10,776Bob Pettit
91.4%
1. 14,987Dolph Schayes
90.2%
3. 12,728Paul Arizin
81.6%
4. 11,689Bill Sharman
77.3%
5. 11,234Ed Macauley
65.6%
11. 10,023Neil Johnston
63.8%
16. 8,003Joe Fulks
60.7%
10. 10,063Vern Mikkelsen
56.4%
Rank & Points Player % Correct
12. 9,063George Yardley
50.9%
18. 7,644Jack Twyman
50.9%
20. 7,337Slater Martin
42.3%
14. 8,843Harry Gallatin
40.5%
13. 8,943Clyde Lovellette
36.2%
9. 10,093Larry Foust
31.9%
7. 10,364Carl Braun
27.6%
17. 7,990Max Zaslofsky
22.1%
19. 7,633Arnie Risen
20.9%
15. 8,622Joe Graboski
4.3%

You're not logged in!

Compare scores with friends on all Sporcle quizzes.
Join for Free
OR
Log In

You Might Also Like...

Show Comments

Extras

Created Jul 12, 2016ReportNominate
Tags:Basketball Quiz, NBA Quiz

Top Quizzes Today


Score Distribution

Your Account Isn't Verified!

In order to create a playlist on Sporcle, you need to verify the email address you used during registration. Go to your Sporcle Settings to finish the process.

Report this User

Report this user for behavior that violates our Community Guidelines.

Details: